[Event "Open SSM Luglio"]
[Site "Milano ITA"]
[Date "2014.07.03"]
[Round "1"]
[White "Greco, Giovanni"]
[Black "Papale, Carmelo"]
[WhiteElo "1488"]
[BlackElo "1826"]
[Result "0-1"]
[PlyCount "64"]
[EventDate "2014.07.03"]

1. d4 Nf6 2. c4 c5 3. d5 b5 4. b3 bxc4 5. bxc4 d6 6. Bb2 Nbd7 7. Nf3 Rb8 8. Qc2
g6 9. Nbd2 Bg7 10. Rb1 O-O 11. e3 Nb6 12. Be2 e5 13. O-O Re8 14. e4 Bd7 15. Nb3
Nh5 16. g3 f5 17. Nfd2 Nf6 18. Bd3 f4 19. Nf3 Bh3 20. Rfe1 Nh5 21. Bf1 Bg4 22.
Nbd2 Rf8 23. Bg2 Rb7 24. Rf1 Rbf7 25. Qd3 Bh6 26. Bc1 Qd7 27. Rb3 Bh3 28. Qe2
Qg4 29. Bxh3 Qxh3 30. Ne1 fxg3 31. hxg3 Nf6 32. Ng2 Ng4 0-1

[Event "Open SSM Luglio"]
[Site "Milano ITA"]
[Date "2014.07.03"]
[Round "1"]
[White "Beccari, Paolo"]
[Black "Marchesotti, Giovanni"]
[WhiteElo "1807"]
[BlackElo "1486"]
[Result "1-0"]
[PlyCount "61"]
[EventDate "2014.07.03"]

1. e4 c5 2. Nf3 e6 3. d4 cxd4 4. Nxd4 a6 5. Nc3 Qc7 6. Be2 Bb4 7. O-O Bxc3 8.
bxc3 Qxc3 9. Bf4 Nf6 10. Be5 Nc6 11. Nxc6 Qxc6 12. Bf3 Nxe4 13. Qd4 d5 14. Bxg7
Rg8 15. Rfe1 Bd7 16. Rxe4 dxe4 17. Bxe4 Qa4 18. c4 Rc8 19. Bxh7 Rxg7 20. Qxg7
Qxc4 21. Qg8+ Ke7 22. Qg5+ Ke8 23. h4 Rc5 24. Qf6 Qc3 25. Qxc3 Rxc3 26. h5 Ra3
27. Be4 b5 28. h6 Kf8 29. Rd1 Rxa2 30. Rxd7 f5 31. h7 1-0

[Event "Open SSM Luglio"]
[Site "Milano ITA"]
[Date "2014.07.03"]
[Round "1"]
[White "Verderame, Alberto"]
[Black "Cerutti, Fabio Maria"]
[WhiteElo "1481"]
[BlackElo "1795"]
[Result "1/2-1/2"]
[PlyCount "158"]
[EventDate "2014.07.03"]

1. Nf3 Nf6 2. d4 c5 3. e3 d5 4. b3 Bg4 5. Bb2 Nc6 6. Nbd2 cxd4 7. exd4 e6 8.
Be2 Rc8 9. O-O Bb4 10. Ne5 Bxe2 11. Qxe2 O-O 12. a3 Ba5 13. b4 Bb6 14. c3 Qc7
15. a4 a6 16. f4 Nxe5 17. fxe5 Nd7 18. Kh1 Qd8 19. Rf3 f6 20. Rh3 fxe5 21. dxe5
Rf5 22. c4 Bc7 23. cxd5 Bxe5 24. Rd1 exd5 25. Bxe5 Nxe5 26. b5 a5 27. Nb3 Nc4
28. Qe6+ Rf7 29. Rf3 Qd7 30. Qxf7+ Qxf7 31. Rxf7 Kxf7 32. Rxd5 Nb6 33. Rd1 Nxa4
34. Nxa5 b6 35. Nc6 Nc3 36. Rf1+ Ke6 37. Rc1 Ra8 38. h3 Nxb5 39. Rb1 Kd6 40.
Nb4 Nc3 41. Rf1 Kc5 42. Nd3+ Kd4 43. Nf4 b5 44. Ne6+ Kc4 45. Nxg7 b4 46. Rf4+
Kb5 47. Ne6 Ra1+ 48. Kh2 Ka4 49. Nc5+ Ka3 50. Rf7 h5 51. Ra7+ Kb2 52. Nd3+ Kb1
53. Rxa1+ Kxa1 54. Nxb4 h4 55. Nc2+ Kb2 56. Ne3 Ne4 57. Nf5 Kc3 58. Nxh4 Kd4
59. g4 Ke5 60. Kg2 Kf4 61. Ng6+ Kg5 62. Kf3 Nd2+ 63. Ke2 Nc4 64. Nf8 Kh4 65.
Kf3 Ne5+ 66. Kg2 Nd3 67. Ne6 Ne1+ 68. Kh2 Nf3+ 69. Kg2 Ne1+ 70. Kf2 Nd3+ 71.
Ke3 Kxh3 72. g5 Ne5 73. Kf4 Ng6+ 74. Kf5 Nh4+ 75. Kf6 Kg4 76. Ng7 Kf4 77. Ne6+
Kg4 78. Nf8 Kg3 79. Ng6 Nf3 1/2-1/2

[Event "Open SSM Luglio"]
[Site "Milano ITA"]
[Date "2014.07.03"]
[Round "1"]
[White "Gennaro, Isabella"]
[Black "Bracco, Valter"]
[WhiteElo "1793"]
[BlackElo "1470"]
[Result "1/2-1/2"]
[PlyCount "78"]
[EventDate "2014.07.03"]

1. e4 c5 2. Nf3 e6 3. d4 cxd4 4. Nxd4 a6 5. Nc3 b5 6. a3 Bb7 7. Bd3 Bc5 8. Nf3
Nf6 9. O-O Be7 10. Be3 d6 11. e5 dxe5 12. Nxe5 Nc6 13. Nf3 O-O 14. Qe2 Qc7 15.
Bg5 Rfe8 16. Ne4 Nd5 17. Bxe7 Rxe7 18. Neg5 g6 19. Ne4 Nf4 20. Qd2 Nxd3 21.
cxd3 Rd8 22. Qh6 f5 23. Nf6+ Kh8 24. Nh4 Rg7 25. Rfe1 Qf7 26. Qg5 Rf8 27. Nxh7
Kxh7 28. Re3 Qf6 29. Nf3 Nd8 30. Qf4 Qxb2 31. Ng5+ Kg8 32. Rf1 Qf6 33. Rfe1 Re7
34. Qh4 Rfe8 35. Rh3 Qg7 36. Qb4 Qf6 37. Qh4 Qg7 38. Qb4 Qf6 39. Qh4 Qg7
1/2-1/2

[Event "Open SSM Luglio"]
[Site "Milano ITA"]
[Date "2014.07.03"]
[Round "1"]
[White "Frignani, Alessandro"]
[Black "Pollio, Ciro"]
[WhiteElo "1470"]
[BlackElo "1757"]
[Result "1/2-1/2"]
[PlyCount "58"]
[EventDate "2014.07.03"]

1. e4 c5 2. f4 d5 3. e5 Nc6 4. Nf3 Bg4 5. h3 Bxf3 6. Qxf3 e6 7. g3 Nge7 8. c3
Nf5 9. b3 Be7 10. Bb2 Nxg3 11. Rg1 Bh4 12. Rxg3 O-O 13. Ba3 Qb6 14. Qg4 Bxg3+
15. Qxg3 Ne7 16. Bd3 Qc6 17. Kd1 Nf5 18. Bxf5 exf5 19. d3 b5 20. Nd2 b4 21. Bb2
a5 22. a4 bxa3 23. Rxa3 a4 24. Kc2 axb3+ 25. Rxb3 f6 26. Qf3 Qa4 27. Qxd5+ Kh8
28. Qxc5 fxe5 29. Qxe5 Rae8 1/2-1/2

[Event "Open SSM Luglio"]
[Site "Milano ITA"]
[Date "2014.07.03"]
[Round "1"]
[White "Fantina, Carla"]
[Black "Poletto, Daniele"]
[WhiteElo "1399"]
[BlackElo "1738"]
[Result "0-1"]
[PlyCount "90"]
[EventDate "2014.07.03"]

1. c4 c5 2. g3 Nc6 3. Bg2 g6 4. Nc3 Bg7 5. Nf3 e5 6. e4 Nge7 7. O-O d6 8. h3
O-O 9. d3 h6 10. Rb1 a6 11. a3 Rb8 12. b4 cxb4 13. axb4 b5 14. cxb5 axb5 15.
Be3 f5 16. Qc2 f4 17. Qb3+ Kh7 18. Bd2 fxg3 19. fxg3 Qb6+ 20. Kh2 Bd7 21. Ne2
Ra8 22. Bc3 Qe3 23. Qc2 Be6 24. Neg1 Ra2 25. Rb2 Rfa8 26. Re1 Qb6 27. h4 Rxb2
28. Qxb2 Ra2 29. Qc1 Qf2 30. Bd2 Nxb4 31. Re2 Qc5 32. Qxc5 dxc5 33. Bxb4 cxb4
34. Rxa2 Bxa2 35. Ne2 b3 36. Nc3 b4 37. Nd1 Nc6 38. Nb2 Bf8 39. Nd2 Bc5 40.
Ndc4 Bd4 41. Bf1 Na5 42. Be2 Nxc4 43. dxc4 Bxb2 44. c5 Bd4 45. c6 Bb6 0-1

[Event "Open SSM Luglio"]
[Site "Milano ITA"]
[Date "2014.07.03"]
[Round "1"]
[White "Colica, Daniele"]
[Black "Guttarolo, Giovanni"]
[WhiteElo "1716"]
[BlackElo "1371"]
[Result "1-0"]
[PlyCount "25"]
[EventDate "2014.07.03"]

1. e4 e6 2. d4 d5 3. Nd2 c5 4. c3 cxd4 5. cxd4 Nc6 6. Ngf3 Bb4 7. e5 Qb6 8. a3
Bxd2+ 9. Qxd2 Nge7 10. Bd3 Nxd4 11. Nxd4 Nc6 12. Nxc6 bxc6 13. O-O 1-0

[Event "Open SSM Luglio"]
[Site "Milano ITA"]
[Date "2014.07.04"]
[Round "2"]
[White "Hansen, Torbjorn Ringdal"]
[Black "Quagliarella, Sabino Remo"]
[WhiteElo "2448"]
[BlackElo "1838"]
[Result "1-0"]
[PlyCount "27"]
[EventDate "2014.07.03"]

1. e4 c5 2. Nf3 d6 3. d4 cxd4 4. Nxd4 Nf6 5. Nc3 e6 6. g4 Be7 7. g5 Nfd7 8. h4
Nc6 9. Be3 a6 10. Qe2 Qa5 11. O-O-O Nb6 12. Nb3 Qb4 13. a3 Qc4 14. Qe1 1-0

[Event "Open SSM Luglio"]
[Site "Milano ITA"]
[Date "2014.07.04"]
[Round "2"]
[White "Papale, Carmelo"]
[Black "Vezzosi, Paolo"]
[WhiteElo "1826"]
[BlackElo "2282"]
[Result "0-1"]
[PlyCount "74"]
[EventDate "2014.07.03"]

1. e4 c5 2. Nf3 d6 3. d4 cxd4 4. Nxd4 Nf6 5. Nc3 a6 6. Bg5 Nbd7 7. f4 b5 8. Qf3
Bb7 9. O-O-O b4 10. Nd5 e6 11. Nxf6+ gxf6 12. Bh4 Nc5 13. Bd3 Be7 14. Rhe1 f5
15. Bxe7 Qxe7 16. Qg3 fxe4 17. Bc4 d5 18. Bf1 O-O-O 19. Qf2 a5 20. Kb1 Kb8 21.
Nb5 Ba6 22. Nd4 Rd6 23. g3 Rc8 24. Bh3 Rb6 25. Qe3 Na4 26. Ka1 Qf6 27. Qb3 Nc5
28. Qe3 a4 29. Rc1 Kb7 30. Red1 h5 31. Bg2 Bc4 32. Bf1 Na6 33. c3 Qg7 34. Rb1
Bxf1 35. Rxf1 Nc5 36. cxb4 Rxb4 37. Qc3 Rxd4 0-1

[Event "Open SSM Luglio"]
[Site "Milano ITA"]
[Date "2014.07.04"]
[Round "2"]
[White "Brociner, Beniamino"]
[Black "Beccari, Paolo"]
[WhiteElo "2154"]
[BlackElo "1807"]
[Result "1-0"]
[PlyCount "111"]
[EventDate "2014.07.03"]

1. Nf3 Nf6 2. c4 e6 3. g3 d5 4. d4 Be7 5. Bg2 O-O 6. O-O dxc4 7. Ne5 c5 8. dxc5
Bxc5 9. Nxc4 Nc6 10. Nc3 Rb8 11. Bf4 Ra8 12. e4 a6 13. e5 Nd7 14. Rc1 Nb6 15.
Ne4 Qxd1 16. Rfxd1 Nxc4 17. Rxc4 Be7 18. h4 Rd8 19. Rxd8+ Bxd8 20. Nd6 Be7 21.
Bxc6 Bxd6 22. Be4 Bf8 23. Rc7 Rb8 24. Be3 b6 25. b3 a5 26. Bxb6 Rxb6 27. Rxc8
g6 28. f4 Kg7 29. Kf2 Rb5 30. Bd3 Rc5 31. Ra8 Rd5 32. Ke2 Bb4 33. Ra7 Kf8 34.
a4 Rd8 35. Bc4 Rd2+ 36. Kf3 Rd8 37. g4 Re8 38. f5 gxf5 39. gxf5 h6 40. Bb5 Rd8
41. fxe6 fxe6 42. Bd7 Kf7 43. Bc8+ Be7 44. Ba6 Rd4 45. Bc4 Rxh4 46. Rxa5 Rh1
47. Ra6 h5 48. Rxe6 h4 49. Kg2 Re1 50. Rc6+ Kg7 51. e6 Kf6 52. Rc8 Ke5 53. a5
Ra1 54. a6 Kd6 55. b4 Ra3 56. b5 1-0

[Event "Open SSM Luglio"]
[Site "Milano ITA"]
[Date "2014.07.04"]
[Round "2"]
[White "Poletto, Daniele"]
[Black "Pelizzola, Danilo"]
[WhiteElo "1738"]
[BlackElo "2106"]
[Result "0-1"]
[PlyCount "102"]
[EventDate "2014.07.03"]

1. c4 b6 2. Nf3 Nf6 3. g3 Bb7 4. Bg2 e6 5. O-O Be7 6. b3 c5 7. Bb2 d5 8. cxd5
exd5 9. d4 O-O 10. e3 Nbd7 11. Nbd2 Rc8 12. Rc1 Re8 13. Re1 Qc7 14. Qc2 Qb8 15.
Qb1 Bf8 16. dxc5 bxc5 17. Qa1 a5 18. Bh3 Rcd8 19. Nh4 Ne5 20. Bxe5 Rxe5 21.
Ndf3 Ree8 22. Nf5 Ne4 23. Qb2 Bc8 24. g4 a4 25. Ng3 Nxg3 26. hxg3 axb3 27. axb3
Re4 28. Nd2 Rb4 29. Rc3 g6 30. Qc1 Be6 31. f4 d4 32. exd4 cxd4 33. Rc6 Rb6 34.
Rxb6 Qxb6 35. Kh1 Bb4 36. f5 Bd5+ 37. Bg2 Bxg2+ 38. Kxg2 Bxd2 39. Qxd2 Qxb3 40.
f6 Qd5+ 41. Kh3 g5 42. Qe2 h6 43. Qd3 Qd6 44. Rf1 Qe6 45. Rf5 Qc6 46. Kh2 Qc3
47. Qf1 d3 48. Qh3 Kh7 49. Qh5 Rd7 50. Rd5 Ra7 51. Rd8 Qxf6 0-1

[Event "Open SSM Luglio"]
[Site "Milano ITA"]
[Date "2014.07.04"]
[Round "2"]
[White "Bonazzi, Edoardo"]
[Black "Trovero, Leo"]
[WhiteElo "2079"]
[BlackElo "1756"]
[Result "1-0"]
[PlyCount "59"]
[EventDate "2014.07.03"]

1. c4 e5 2. g3 Nc6 3. Bg2 f5 4. Nc3 Nf6 5. d3 Bc5 6. Nf3 d6 7. O-O O-O 8. e3 a5
9. d4 Bb6 10. b3 e4 11. Nd2 Nb4 12. f3 exf3 13. Nxf3 Qd7 14. a3 Nc6 15. Bd2 Ne4
16. Nd5 Qe8 17. Qc2 Ne7 18. Nxb6 cxb6 19. Rae1 b5 20. Nh4 bxc4 21. bxc4 Nf6 22.
e4 fxe4 23. Rxf6 Rxf6 24. Bg5 Rf7 25. Qxe4 d5 26. Qe5 Kf8 27. Bxd5 Ra6 28. Bxf7
Kxf7 29. Qxe7+ Qxe7 30. Rxe7+ 1-0

[Event "Open SSM Luglio"]
[Site "Milano ITA"]
[Date "2014.07.04"]
[Round "2"]
[White "Colica, Daniele"]
[Black "Astengo, Corrado"]
[WhiteElo "1716"]
[BlackElo "2078"]
[Result "0-1"]
[PlyCount "60"]
[EventDate "2014.07.03"]

1. e4 c5 2. Nc3 e6 3. g3 Nc6 4. Bg2 Nf6 5. f4 d5 6. e5 Nd7 7. Nge2 f6 8. exf6
Nxf6 9. O-O Be7 10. Kh1 O-O 11. d4 a6 12. Be3 cxd4 13. Nxd4 Kh8 14. Qe2 Qd6 15.
Rad1 e5 16. fxe5 Qxe5 17. Bf4 Qxe2 18. Ncxe2 Bg4 19. h3 Nxd4 20. Nxd4 Bxd1 21.
Rxd1 Nh5 22. Ne6 Nxf4 23. Nxf8 Nxg2 24. Kxg2 Rxf8 25. Rxd5 Rd8 26. Re5 Bf6 27.
Re3 Kg8 28. Rb3 Rd2+ 29. Kf3 Rxc2 30. Rxb7 Rxb2 0-1

[Event "Open SSM Luglio"]
[Site "Milano ITA"]
[Date "2014.07.04"]
[Round "2"]
[White "Bisignano, Giuseppe"]
[Black "Verderame, Alberto"]
[WhiteElo "1872"]
[BlackElo "1481"]
[Result "1-0"]
[PlyCount "51"]
[EventDate "2014.07.03"]

1. e4 d6 2. d4 Nf6 3. Nc3 c6 4. Bd3 e5 5. Nge2 Bg4 6. Be3 Be7 7. h3 Bh5 8. Qd2
Nbd7 9. f4 exf4 10. Nxf4 O-O 11. Nxh5 Nxh5 12. O-O-O b5 13. g4 Nhf6 14. g5 b4
15. Ne2 b3 16. axb3 Ne8 17. Ng3 a5 18. Rdf1 a4 19. bxa4 Rxa4 20. c3 Qa8 21. Nf5
Ra1+ 22. Bb1 Bd8 23. Qc2 Nb6 24. e5 Nc4 25. Nh6+ Kh8 26. Qxh7# 1-0

[Event "Open SSM Luglio"]
[Site "Milano ITA"]
[Date "2014.07.04"]
[Round "2"]
[White "Cerutti, Fabio Maria"]
[Black "Dicuonzo, Antonio"]
[WhiteElo "1795"]
[BlackElo "1608"]
[Result "1-0"]
[PlyCount "53"]
[EventDate "2014.07.03"]

1. e4 c5 2. Nc3 Nc6 3. g3 g6 4. Bg2 Bg7 5. d3 e6 6. Be3 d6 7. Qd2 Nge7 8. Bh6
O-O 9. Bxg7 Kxg7 10. h4 h5 11. Nge2 Nd4 12. g4 hxg4 13. h5 Ng8 14. hxg6 fxg6
15. e5 a6 16. exd6 Nf3+ 17. Bxf3 Rxf3 18. Ne4 Rh3 19. O-O-O b6 20. Ng5 Rxh1 21.
Rxh1 Qxd6 22. Rh7+ Kf8 23. Qf4+ Qxf4+ 24. Nxf4 Ne7 25. Nfxe6+ Bxe6 26. Nxe6+
Kg8 27. Rxe7 1-0

[Event "Open SSM Luglio"]
[Site "Milano ITA"]
[Date "2014.07.04"]
[Round "2"]
[White "Pollio, Ciro"]
[Black "Gennaro, Isabella"]
[WhiteElo "1757"]
[BlackElo "1793"]
[Result "0-1"]
[PlyCount "50"]
[EventDate "2014.07.03"]

1. d4 d5 2. c4 e6 3. cxd5 exd5 4. Nc3 Nf6 5. Bg5 Be7 6. e3 O-O 7. Bd3 Nbd7 8.
Qc2 h6 9. Bh4 b6 10. Nf3 Bb7 11. O-O c5 12. Rfc1 Ng4 13. Bg3 Ngf6 14. h3 Rc8
15. Qa4 c4 16. Qxa7 Bc6 17. Bf5 g6 18. Bxd7 Nxd7 19. Ne5 Nxe5 20. Bxe5 f6 21.
Bf4 Rf7 22. Na4 Bc5 23. Qxf7+ Kxf7 24. Nxc5 bxc5 25. dxc5 Qa5 0-1

[Event "Open SSM Luglio"]
[Site "Milano ITA"]
[Date "2014.07.04"]
[Round "2"]
[White "Bracco, Valter"]
[Black "Frignani, Alessandro"]
[WhiteElo "1470"]
[BlackElo "1470"]
[Result "0-1"]
[PlyCount "66"]
[EventDate "2014.07.03"]

1. e4 e5 2. Nf3 Qf6 3. Nc3 c6 4. d4 exd4 5. Bg5 Qd6 6. Qxd4 f6 7. Bh4 Nh6 8.
Bg3 Qxd4 9. Nxd4 d6 10. Bc4 Na6 11. Bxa6 bxa6 12. Nxc6 Bb7 13. Nd4 Be7 14. Ne6
Kf7 15. Nf4 g5 16. Nfd5 Rac8 17. Rc1 Rc6 18. O-O Rhc8 19. h3 Ke6 20. f4 gxf4
21. Bxf4 Nf7 22. Be3 Ra8 23. Bd4 Ne5 24. Rf2 Rc4 25. Bxe5 dxe5 26. Rcf1 Bxd5
27. Nxd5 Rf8 28. Nc3 Bc5 29. Kh1 Bxf2 30. Rxf2 Rb8 31. Rf3 Rxb2 32. Nd5 Rcxc2
33. Nxf6 Rf2 0-1

[Event "Open SSM Luglio"]
[Site "Milano ITA"]
[Date "2014.07.04"]
[Round "2"]
[White "Padolecchia, Vittorio"]
[Black "Cozzolino, Angelo"]
[WhiteElo "1579"]
[BlackElo "1930"]
[Result "0-1"]
[PlyCount "70"]
[EventDate "2014.07.03"]

1. Nf3 Nf6 2. d4 d5 3. Bf4 c6 4. Nc3 Bf5 5. e3 e6 6. a3 Be7 7. Bd3 Bg6 8. Ne5
Nh5 9. Bg3 Nxg3 10. fxg3 Nd7 11. Nxd7 Qxd7 12. Bxg6 hxg6 13. Qe2 Bd6 14. O-O-O
O-O-O 15. Qf2 Kb8 16. Kb1 Rc8 17. e4 f5 18. e5 Be7 19. h4 c5 20. Ka2 cxd4 21.
Qxd4 Rc7 22. Rd2 Rhc8 23. Rc1 Rc4 24. Qd3 Qc7 25. Nb5 Qxe5 26. Nd4 Bf6 27. Rcd1
Rxd4 28. Qxd4 Qxd4 29. Rxd4 Bxd4 30. Rxd4 Rxc2 31. Kb3 Rxg2 32. Rd3 Kc7 33. Kc3
Kd6 34. b4 e5 35. a4 e4 0-1

[Event "Open SSM Luglio"]
[Site "Milano ITA"]
[Date "2014.07.04"]
[Round "2"]
[White "Marchesotti, Giovanni"]
[Black "Carbone, Lorenzo"]
[WhiteElo "1486"]
[BlackElo "1679"]
[Result "1/2-1/2"]
[PlyCount "42"]
[EventDate "2014.07.03"]

1. g3 e5 2. Bg2 d5 3. Nf3 Nc6 4. d3 h6 5. Nbd2 Nf6 6. O-O Bd6 7. e4 Be6 8. exd5
Bxd5 9. Re1 O-O 10. Ne4 Nxe4 11. dxe4 Be6 12. Be3 Qf6 13. Qe2 Rad8 14. Red1 a6
15. c4 Qe7 16. Nh4 Qf6 17. c5 Be7 18. Qh5 g5 19. Nf5 Bxf5 20. exf5 Kh7 21. Qf3
Rxd1+ 1/2-1/2

[Event "Open SSM Luglio"]
[Site "Milano ITA"]
[Date "2014.07.04"]
[Round "2"]
[White "Pirrello, Christian"]
[Black "Pipitone, Filippo Massimo"]
[WhiteElo "1669"]
[BlackElo "1567"]
[Result "1-0"]
[PlyCount "55"]
[EventDate "2014.07.03"]

1. d4 d5 2. c4 e6 3. Nc3 Nf6 4. Bg5 Be7 5. cxd5 exd5 6. e3 O-O 7. Bd3 c6 8. Nf3
h6 9. Bxf6 Bxf6 10. O-O Bg4 11. h3 Bh5 12. Be2 Re8 13. Qc2 Bg6 14. Bd3 Bxd3 15.
Qxd3 Nd7 16. b4 Rc8 17. Rac1 a6 18. a4 b5 19. axb5 axb5 20. Rc2 Nb6 21. Ra1 Qd6
22. Ra6 Qb8 23. Rca2 Be7 24. Qb1 Nc4 25. Ne2 Qd6 26. Qf5 Qe6 27. Qb1 Bxb4 28.
Qxb4 1-0

[Event "Open SSM Luglio"]
[Site "Milano ITA"]
[Date "2014.07.04"]
[Round "2"]
[White "Vece, Luigi"]
[Black "Greco, Giovanni"]
[WhiteElo "1641"]
[BlackElo "1488"]
[Result "1-0"]
[PlyCount "43"]
[EventDate "2014.07.03"]

1. e4 e5 2. Nf3 Nc6 3. Nc3 Nf6 4. Bb5 a6 5. Ba4 Be7 6. O-O d6 7. d4 b5 8. Bb3
exd4 9. Nxd4 Bb7 10. Re1 O-O 11. Nf5 Re8 12. Nd5 Nxd5 13. Bxd5 Bf6 14. c3 Rb8
15. Bf4 Qd7 16. Qg4 Kh8 17. Qg3 Ne5 18. Rad1 Bxd5 19. Rxd5 Qe6 20. Nd4 Qg4 21.
Bxe5 Qxg3 22. Bxg3 1-0

[Event "Open SSM Luglio"]
[Site "Milano ITA"]
[Date "2014.07.04"]
[Round "2"]
[White "Biava, Pierluigi"]
[Black "Fantina, Carla"]
[WhiteElo "1613"]
[BlackElo "1399"]
[Result "1-0"]
[PlyCount "47"]
[EventDate "2014.07.03"]

1. e4 d6 2. d4 Nf6 3. Nc3 g6 4. f3 Bg7 5. Nge2 O-O 6. Be3 e5 7. Qd2 exd4 8.
Nxd4 Re8 9. Bc4 Nc6 10. O-O Ne5 11. Be2 a6 12. Rad1 b5 13. a3 Bb7 14. Bg5 Qd7
15. b4 Rad8 16. Qc1 Nc6 17. Nb3 Qc8 18. Rf2 Rd7 19. g4 Ne5 20. Qf4 Re6 21. Nd4
h5 22. Nxe6 fxe6 23. Bxf6 Rf7 24. g5 1-0

[Event "Open SSM Luglio"]
[Site "Milano ITA"]
[Date "2014.07.05"]
[Round "3"]
[White "Pelizzola, Danilo"]
[Black "Hansen, Torbjorn Ringdal"]
[WhiteElo "2106"]
[BlackElo "2448"]
[Result "0-1"]
[PlyCount "104"]
[EventDate "2014.07.03"]

1. e4 c5 2. Nf3 d6 3. d4 cxd4 4. Nxd4 Nf6 5. Nc3 g6 6. Be3 Bg7 7. f3 O-O 8. Bc4
Nc6 9. Qd2 Bd7 10. O-O-O Rc8 11. Bb3 Nxd4 12. Bxd4 b5 13. Nd5 Nxd5 14. Bxd5
Bxd4 15. Qxd4 Qc7 16. c3 a5 17. Kb1 Qc5 18. Rhe1 Rc7 19. Qxc5 Rxc5 20. Rd4 Kg7
21. a3 Rb8 22. Rc1 Rbc8 23. Rcd1 f5 24. Ka1 fxe4 25. Rxe4 e5 26. Bb3 R8c6 27.
Bd5 Rb6 28. Ree1 b4 29. cxb4 axb4 30. Re3 Kf6 31. axb4 Rxb4 32. Rc3 Rd4 33.
Rxd4 exd4 34. Rxc5 dxc5 35. Kb1 Ke5 36. Bg8 Kf4 37. Bxh7 Be8 38. Kc1 Ke3 39.
Bg8 Bb5 40. Bb3 Bf1 41. g3 c4 42. Bd1 Bh3 43. Bc2 d3 44. Bd1 Bf5 45. Kb1 Kd2
46. Ba4 Ke2 47. g4 Be6 48. h4 d2 49. h5 g5 50. h6 Bg8 51. f4 gxf4 52. g5 Bh7+
0-1

[Event "Open SSM Luglio"]
[Site "Milano ITA"]
[Date "2014.07.05"]
[Round "3"]
[White "Vezzosi, Paolo"]
[Black "Bonazzi, Edoardo"]
[WhiteElo "2282"]
[BlackElo "2079"]
[Result "0-1"]
[PlyCount "48"]
[EventDate "2014.07.03"]

1. d4 Nf6 2. Nf3 g6 3. c4 c5 4. Nc3 cxd4 5. Nxd4 Nc6 6. e4 d6 7. f3 Bg7 8. Be3
O-O 9. Be2 Bd7 10. O-O Nxd4 11. Bxd4 a5 12. Qd2 Bc6 13. Rab1 Nd7 14. Be3 a4 15.
Rfc1 Nc5 16. Nd5 Bxd5 17. exd5 Qa5 18. Qd1 Rfc8 19. Kf1 Qd8 20. Bd4 Qf8 21. Rc3
Bxd4 22. Qxd4 Qg7 23. Qd2 Qf6 24. Re1 Ne4 0-1

[Event "Open SSM Luglio"]
[Site "Milano ITA"]
[Date "2014.07.05"]
[Round "3"]
[White "Astengo, Corrado"]
[Black "Brociner, Beniamino"]
[WhiteElo "2078"]
[BlackElo "2154"]
[Result "1/2-1/2"]
[PlyCount "127"]
[EventDate "2014.07.03"]

1. e4 c5 2. Nf3 g6 3. d4 cxd4 4. Nxd4 Bg7 5. Nc3 Nc6 6. Be3 Nf6 7. Nxc6 bxc6 8.
e5 Ng8 9. Bd4 Nh6 10. e6 f6 11. exd7+ Qxd7 12. Bc4 Nf7 13. O-O O-O 14. Re1 Qc7
15. Qe2 e5 16. Bc5 Re8 17. Rad1 Be6 18. Bxe6 Rxe6 19. Qc4 Rae8 20. Qa6 Rb8 21.
Qc4 Qc8 22. b3 Rb7 23. Ne4 Kh8 24. Ba3 Re8 25. Nd6 Nxd6 26. Rxd6 Rc7 27. Bb4 c5
28. Ba5 Rd7 29. Red1 Rxd6 30. Rxd6 e4 31. Qd5 f5 32. Rc6 Qb8 33. Qxc5 Qf4 34.
Qe3 Qg4 35. h3 Qd1+ 36. Qe1 Qd5 37. Rc7 e3 38. fxe3 Bh6 39. Qc3+ Kg8 40. Qc4
Bxe3+ 41. Kf1 Qxc4+ 42. Rxc4 Re7 43. Rc8+ Kf7 44. Rc7 Rxc7 45. Bxc7 Ke6 46. Ke2
Bc5 47. c4 g5 48. Kf3 Be7 49. g4 f4 50. h4 h6 51. hxg5 hxg5 52. Ke4 Bc5 53. Bd8
Be7 54. Ba5 Bc5 55. b4 Bb6 56. Bxb6 axb6 57. a4 Kd6 58. Kd4 Kc6 59. Ke4 Kd6 60.
Kd4 Kc6 61. a5 bxa5 62. bxa5 Kb7 63. c5 Kb8 64. Ke4 1/2-1/2

[Event "Open SSM Luglio"]
[Site "Milano ITA"]
[Date "2014.07.05"]
[Round "3"]
[White "Gennaro, Isabella"]
[Black "Bisignano, Giuseppe"]
[WhiteElo "1793"]
[BlackElo "1872"]
[Result "1-0"]
[PlyCount "55"]
[EventDate "2014.07.03"]

1. e4 e5 2. Nf3 Nc6 3. Bb5 a6 4. Ba4 Nf6 5. O-O Bc5 6. d3 b5 7. Bb3 h6 8. c3
O-O 9. Nbd2 d5 10. exd5 Nxd5 11. Ne4 Be7 12. Re1 f5 13. Ng3 Bf6 14. Nh5 Kh8 15.
Nxf6 Nxf6 16. h3 e4 17. dxe4 fxe4 18. Nh4 Kh7 19. Qe2 Qe7 20. g4 g5 21. Ng2 Ne5
22. f3 Qc5+ 23. Be3 Qd6 24. fxe4 Nexg4 25. e5 Nxe5 26. Bd4 Ng6 27. Bc2 Kg7 28.
Qe4 1-0

[Event "Open SSM Luglio"]
[Site "Milano ITA"]
[Date "2014.07.05"]
[Round "3"]
[White "Frignani, Alessandro"]
[Black "Cerutti, Fabio Maria"]
[WhiteElo "1470"]
[BlackElo "1795"]
[Result "1/2-1/2"]
[PlyCount "146"]
[EventDate "2014.07.03"]

1. e4 c5 2. Nc3 Nc6 3. Bc4 e6 4. f4 Nge7 5. Nf3 g6 6. d4 cxd4 7. Nxd4 Bg7 8.
Nxc6 Nxc6 9. Nb5 O-O 10. Nd6 Qb6 11. c3 Nd4 12. e5 Nf5 13. Nxf5 gxf5 14. Bb3 f6
15. Qe2 fxe5 16. fxe5 Qc5 17. Bf4 b6 18. O-O-O Rf7 19. Rhf1 Bb7 20. g3 a5 21.
Rd4 Bc6 22. Rfd1 a4 23. Bc2 a3 24. Bb3 axb2+ 25. Kxb2 Qa3+ 26. Kb1 Be4+ 27. Ka1
Qxb3 28. Qb2 Qxb2+ 29. Kxb2 Bc6 30. Rb4 b5 31. a3 Bf8 32. Rb3 b4 33. cxb4 Ba4
34. Rc1 Bxb3 35. Kxb3 Ra6 36. Rc8 Kg7 37. a4 d5 38. b5 Raa7 39. Rc6 Rac7 40.
Rxe6 Rc4 41. Bh6+ Kg8 42. Re8 Rb4+ 43. Kc2 Rc7+ 44. Kd3 Rg7 45. Bxg7 Kxg7 46.
Ra8 Bc5 47. Ra6 h5 48. e6 Kf6 49. Kc3 d4+ 50. Kc2 Ke5 51. e7 Bxe7 52. b6 Bc5
53. a5 Kd5 54. h3 Kc6 55. Ra7 Bd6 56. Kd3 Bxg3 57. Ra8 Kb7 58. Ra7+ Kc6 59. Ra8
Be5 60. Rf8 Rb3+ 61. Ke2 f4 62. Rc8+ Kb7 63. Rc5 Re3+ 64. Kd2 f3 65. Rd5 Rb3
66. Rxe5 d3 67. Rxh5 f2 68. Rf5 Rb2+ 69. Kxd3 Ka6 70. h4 Rb4 71. h5 Rh4 72. Ke2
Rh2 73. Rxf2 Rxh5 1/2-1/2

[Event "Open SSM Luglio"]
[Site "Milano ITA"]
[Date "2014.07.05"]
[Round "3"]
[White "Cozzolino, Angelo"]
[Black "Colica, Daniele"]
[WhiteElo "1930"]
[BlackElo "1716"]
[Result "1-0"]
[PlyCount "129"]
[EventDate "2014.07.03"]

1. d4 Nf6 2. c4 e5 3. dxe5 Ne4 4. Nd2 Bb4 5. a3 Bxd2+ 6. Bxd2 Qe7 7. Nf3 Nc6 8.
Bf4 g5 9. Bg3 Nxg3 10. hxg3 Nxe5 11. e3 d6 12. Be2 Bf5 13. Qd4 c5 14. Qc3 f6
15. Nxe5 dxe5 16. Bh5+ Kf8 17. O-O-O Kg7 18. Rhe1 Rad8 19. Bf3 e4 20. Be2 Rxd1+
21. Rxd1 Rd8 22. Rd5 Rxd5 23. cxd5 Qd6 24. Bc4 a6 25. a4 b5 26. axb5 axb5 27.
Bxb5 Qxd5 28. Bc4 Qd6 29. Qb3 Qe7 30. Bd5 Qa7 31. Qa3 Qe7 32. Qa8 Qf8 33. Qb7+
Kh8 34. Kc2 Qe8 35. Qa8 Qxa8 36. Bxa8 Kg8 37. Kc3 Be6 38. Bxe4 h6 39. Bd3 Kf8
40. Bc4 Bd7 41. Kd3 Bc6 42. e4 Ke7 43. Bd5 Bb5+ 44. Bc4 Bc6 45. f3 Kd6 46. Ba6
Bd7 47. Kc4 Be6+ 48. Kb5 Bd7+ 49. Kb6 Ba4 50. f4 Bc2 51. Bb7 c4 52. Kb5 Bd3 53.
Kb4 h5 54. Kc3 gxf4 55. gxf4 h4 56. Kd4 Bf1 57. Bd5 c3 58. bxc3 Kd7 59. e5 f5
60. c4 Be2 61. e6+ Ke7 62. Ke5 Bg4 63. c5 h3 64. gxh3 Bxh3 65. c6 1-0